000 00377 a2200157 4500
001 154917
040 _cEscola São Tomás de Aquino
100 _aSANT'ANNA, Eliana
240 1 0 _aGeografia nas trilhas de Minas
_lpor
245 1 0 _aGeografia nas trilhas de Minas
300 _a208
362 0 _a2013
440 1 _aFTD
697 _aGEOGRAFIA GERAL / VIAGENS
942 _cBK
999 _c154917
_d154917